000 00813nam a22002297i 4500
003 OSt
005 20251210160418.0
008 251210e2022 gt|oa|||rc||| 00| 0 spa d
040 _bspa
_cLADOV
041 0 _aspa
082 0 4 _a707.4
_bR766r
245 1 0 _aRompámoslo todo para volver a aprender /
_cexposición de la Escuela de Activismo Feminista.
260 _a[Guatemala] :
_bFondo Centroamericano de Mujeres,
_c2022.
300 _a[54 páginas] :
_bilustraciones y fotografías a color ;
_c29 cm
650 0 4 _aArte
_vexhibiciones
650 0 4 _aFeminismos
650 0 4 _aArte
_vconciencia social
650 0 4 _aArte
_zGuatemala
710 1 _aGuatemala.
_bEscuela de Activismo Feminista
_eartista
710 1 _aGuatemala.
_bLa Revuelta.
_eartista
942 _2ddc
_c1
_h707.4
_iR766r
_n0
999 _c4595
_d4595